Cities of Saskatchewan - Statistics

General Stats
  • This quiz has been taken 26 times
  • The average score is 10 of 16
Answer Stats
Population Date Incorporated Answer % Correct
215,106 June 19, 1903 Regina
100%
246,376 May 26, 1906 Saskatoon
100%
35,926 October 8, 1904 Prince Albert
89%
11,765 January 1, 1958 Lloydminster
79%
33,890 November 20, 1903 Moose Jaw
74%
11,483 March 1, 1957 Estevan
63%
5,869 November 7, 2000 Humboldt
58%
14,315 May 1, 1913 North Battleford
58%
10,870 September 1, 1913 Weyburn
58%
16,343 February 1, 1928 Yorkton
58%
11,020 October 27, 2012 Warman
53%
9,645 November 3, 2009 Martensville
47%
5,992 September 2, 1980 Melfort
47%
16,604 January 15, 1914 Swift Current
47%
5,344 November 9, 2009 Meadow Lake
37%
4,562 August 1, 1960 Melville
26%
No matching quizzes found
Score Distribution
Percent of People with Each Score
Percentile by Number Answered
Your Score History
You have not taken this quiz